{"text_format":"3","workbook":"xls","n_sheets":1,"sheets":["日报表"],"read":"whole","date_system":"1900","formulas":"cached_only"}

{"sheet":"日报表","index":0,"n_rows":25,"n_cols":13,"rows_kept":25,"merged":[[1,2,1,11],[2,2,2,11],[3,2,3,11],[10,2,10,11],[11,2,11,11],[12,2,12,11]],"flags":["formulas_cached_only"]}
[]
[null,null,"五金收料统计日报表"]
[null,null,"日期： 2019    年    6  月  12  日                             填表人： 梅瑞雪"]
[null,null,"单位：大力神管桩有限公司"]
[null,"入库单号","品名","规格","数量","单位","单价","金额","供应商名称","联系方式","采购员","检验员","备注"]
[null,"WIN0050816","衣架",null,1,"个",120,120,"现金供应商",null,"戴春举","杨成斌"]
[null,"WIN0050817","方向转向器","柳工855",1,"台",300,300,"现金供应商",null,"戴春举","陆永华","巡逻车用1个"]
[null,"WIN0050818","拉丝模",10.5,3,"个",100,300,"河间市天泰磨具有限公司",null,"戴春举"]
[]
[]
[null,null,"五金收料统计日报表"]
[null,null,"日期： 2019    年    6  月  13  日                             填表人： 梅瑞雪"]
[null,null,"单位：大力神管桩有限公司"]
[null,"入库单号","品名","规格","数量","单位","单价","金额","供应商名称","联系方式","采购员","检验员","备注"]
[null,"WIN0050828","宣传条幅",null,10,"米",3,30,"现金供应商（邳州市铁富镇创艺广告社）",null,"戴春举","杨成斌","2条*5M/条"]
[null,"WIN0050830","电磁阀",null,1,"个",60,60,"现金供应商（邳州市晓玉汽车维修部）",null,"戴春举","崔永科"]
[null,null,"电机",null,1,"台",90,90,{"$nulls":4},"雨刮电机"]
[null,null,"费用",null,1,"件",20,20,{"$nulls":4},"检查线路保险丝"]
[null,"WIN0050831","小灰桶",null,10,"件",3,30,"现金（邳州石荣海建材五金）",null,"戴春举","梅瑞雪"]
[null,null,"软水管","Φ25",2,"根",100,200,{"$nulls":4},"φ25，地龙牌"]
[null,null,"丝锥","M12",10,"把",4,40,{"$nulls":4},"约克手用丝锥12*1.75mm"]
[null,null,"丝锥","M16",10,"把",6,60,{"$nulls":4},"约克手用丝锥16*2mm"]
[null,null,"毛刷","1.5寸",20,"个",0.8,16]
[null,null,"吊带","5T*3m",10,"条",25,250]
[null,"WIN0050832","风镐钻头",null,20,"支",16,320,"现金供应商（邳州市金指数五金机电）",86241928,"戴春举","梅瑞雪","G7*400"]